Normal view
MARC view
- Artificial intelligence
Entry Topical Term
001 - CONTROL NUMBER
- control field: 92022
003 - CONTROL NUMBER IDENTIFIER
- control field: NUST
005 - DATE AND TIME OF LATEST TRANSACTION
- control field: 20220607104555.0
008 - FIXED-LENGTH DATA ELEMENTS
- fixed length control field: 220607|| aca||aabn | a|a d
040 ## - CATALOGING SOURCE
- Original cataloging agency: NUST
- Transcribing agency: NUST
150 ## - HEADING--TOPICAL TERM
- Topical term or geographic name entry element: Artificial intelligence
- General subdivision: Social aspects
- Form subdivision: Popular works
670 ## - SOURCE DATA FOUND
- Source citation: Work cat.: (NUST)0: Zerilli, John, author. 92021, A citizen's guide to artificial intelligence /
